ბათუმის შოთა რუსთაველის სახელმწიფო უნივერსიტეტის ბიბლიოთეკა

ქართულ-რუსული ლექსიკონი = Грузинско-русский словарь : (ბიბ.ჩანაწერი № 52889)

000 -ლიდერი
ფიქსირებული სიგრძის საკონტროლო ველი 00949nam a2200217Ia 4500
001 - საკონტროლო ნომერი
საკონტროლო ველი 19919
003 - საკონტროლო ნომრის იდენტიფიკატორი
საკონტროლო ველი GE_BSU
005 - ბოლო ოპერაციის თარიღი და დრო
საკონტროლო ველი 20200511230318.0
008 - ფიქსირებული სიგრძის მონაცემთა ელემენტები - ზოგადი ინფორმაცია
ფიქსირებული სიგრძის საკონტროლო ველი 181216s1948||||ge |||||||||||||| ||geo||
040 ## - კატალოგიზაციის წყარო
Transcribing agency GE_BSU
041 ## - ენის კოდი
Language code of text/sound track or separate title geo
080 ## - უნივერსალური ათობითი კლასიფიკაციის ინდექსი
Universal Decimal Classification number 81'374.822 = 353.1=161.1 დ-16
100 ## - მთავარი ჩანაწერი - პიროვნების სახელი
Personal name დათიკაშვილი, ქეთევან
9 (RLIN) 7970
245 ## - ცნობა სათაურის შესახებ
Title ქართულ-რუსული ლექსიკონი = Грузинско-русский словарь :
Remainder of title წ. 2 : კ - ჰ.
Statement of responsibility, etc ქეთევან დათიკაშვილი ; რედ. ს.ვაჩნაძე.
264 ## - წარმოების, გამოცემის, დისტრიბუციის და სხვა ცნობები
გამოცემის, წარმოების, დისტრიბუციის... ადგილი თბილისი :
გამოცემის, წარმოების, დისტრიბუციის... სახელწოდება სახელგამი,
გამოცემის, წარმოების, დისტრიბუციის... თარიღი 1948.
300 ## - ფიზიკური აღწერა
Extent V, 640 გვ. ;
Dimensions 25 სმ.
653 ## - INDEX TERM--UNCONTROLLED
Uncontrolled term ლექსიკონი
653 ## - INDEX TERM--UNCONTROLLED
Uncontrolled term ქართულ-რუსული ლექსიკონი
700 ## - ADDED ENTRY--PERSONAL NAME
Personal name ვაჩნაძე, ს.
Relator term რედაქტორი
9 (RLIN) 2916
942 ## - ADDED ENTRY ELEMENTS (KOHA)
Koha item type წიგნი
Source of classification or shelving scheme
ეგზემპლარები
ჩამოწერის სტატუსი დაკარგული ეგზემპლარის სტატუსი კლასიფიკაციის წყარო ან თაროზე გაწყობის სქემა დაზიანების სტატუსი არ გაიცემა მუდმივი მდებარეობა (დაცვის ადგილი) ამჟამინდელი ადგილსამყოფელი თაროზე განთავსების ადგილი შეძენის თარიღი ღირებულება, შესყიდვის ნორმალური ფასი სრული შენახვის შიფრი შტრიხკოდი ბოლო ოპერაციის თარიღი ეგზემპლარის მიმდევრობითი ნომერი (კეტერი?) ფასის ძალაში შესვლის თარიღი ეგზემპლარის სახეობა საჯარო შენიშვნა
          ბათუმის შოთა რუსთაველის სახელმწიფო უნივერსიტეტის მთავარი ბიბლიოთეკა ბათუმის შოთა რუსთაველის სახელმწიფო უნივერსიტეტის მთავარი ბიბლიოთეკა წიგნსაცავი 2018-12-17 6.00 81'374.822 = 353.1=161.1 დ-16 52426 2018-12-17 52426 2018-12-17 წიგნი 6.00 ლ
          ბათუმის შოთა რუსთაველის სახელმწიფო უნივერსიტეტის მთავარი ბიბლიოთეკა ბათუმის შოთა რუსთაველის სახელმწიფო უნივერსიტეტის მთავარი ბიბლიოთეკა წიგნსაცავი 2018-12-17 7.00 81'374.822 = 353.1=161.1 დ-16 52427 2018-12-17 52427 2018-12-17 წიგნი 7.00 ლ.
          ბათუმის შოთა რუსთაველის სახელმწიფო უნივერსიტეტის მთავარი ბიბლიოთეკა ბათუმის შოთა რუსთაველის სახელმწიფო უნივერსიტეტის მთავარი ბიბლიოთეკა წიგნსაცავი 2018-12-17 6.00 81'374.822 = 353.1=161.1 დ-16 52428 2018-12-17 52428 2018-12-17 წიგნი 6.00 ლ.
          ბათუმის შოთა რუსთაველის სახელმწიფო უნივერსიტეტის მთავარი ბიბლიოთეკა ბათუმის შოთა რუსთაველის სახელმწიფო უნივერსიტეტის მთავარი ბიბლიოთეკა წიგნსაცავი 2018-12-17 6.00 81'374.822 = 353.1=161.1 დ-16 52429 2018-12-17 52429 2018-12-17 წიგნი 6.00 ლ